| 000 | 01558nam a22002537a 4500 | ||
|---|---|---|---|
| 003 | JO-AjAnu | ||
| 005 | 20231202135335.0 | ||
| 008 | 231202b jo ||||| |||| 00| 0 ara d | ||
| 020 | _a9789777283821 | ||
| 040 |
_aJO-AjAnu _bARA _cJO-AjAnu _dJO-AjAnu _eRDA |
||
| 041 | 0 |
_aARA _hARA |
|
| 050 |
_aSF488 _b2019 |
||
| 100 | 1 |
_aالحسيني، أسامة محمد _964584 _eمؤلف |
|
| 245 |
_aالتنمية المستدامة للانتاج الحيواني والدواجن والاسماك = Sustainable Development Livestock,Poultry and Fish Production _bاستراتيجية تنمية الثروة الحيوانية والداجنة والسمكية المستدامة في جمهةرية مصر العربية = Strategy for the Development of Sustainable Livestock,Poultry and Fisheries in the Arab Republic of EgyptK، الجزء الثالث / _cأسامة محمد الحسيني، جلال الدين محمد عبدالعزيز، محمد حسن بكر |
||
| 250 | _aالطبعة الاولى | ||
| 260 |
_aالقاهرة : _bالمكتب العربي للمعارف، _c2019 |
||
| 300 | _a770 صفحة | ||
| 500 | _aيحتوي على صور ورسوم بيانية | ||
| 504 | _aيحتوي على مراجع باللغتين العربية والانجليزية | ||
| 650 | 4 | 0 |
_aالزراعة-الانتاج الحيواني-الدواجن-الاسماك _964586 |
| 700 | 1 |
_aعبدالعزيز، جلال الدين _964587 _eمؤلف مشارك |
|
| 700 | 1 |
_aبكر، محمد حسن _964588 _eمؤلف مشارك |
|
| 942 |
_2lcc _cREF _n0 |
||
| 999 |
_c33224 _d33224 |
||